000 00297 a2200133 4500
005 20250709070643.0
020 _a978-0-946162-89-5
082 _a823 AND
100 _aANDERSEN, C. H.
245 _aThe Ice Virgin
260 _aLondon
_bAngel Books
_c2016
300 _a90p.
_c19cm
942 _2ddc
_cBKS
999 _c6618
_d6618